| 000 | 01687cam a22003614a 4500 | ||
|---|---|---|---|
| 001 | 12947861 | ||
| 005 | 20060721211131.0 | ||
| 008 | 020927s2003 enk | b 001 0 eng d | ||
| 010 | _a2002035570 | ||
| 020 | _a0199261423 (hbk. : alk. paper) | ||
| 020 | _a0199261431 (pbk. : alk. paper) | ||
| 040 |
_aDLC _cDLC _dDLC |
||
| 042 | _apcc | ||
| 043 | _an-us--- | ||
| 050 | 0 | 0 |
_aJZ1480 _b.U813 2003 |
| 082 | 0 | 0 |
_a341.2 _221 _bUSH |
| 245 | 0 | 0 |
_aU.S. Hegemony and International Organizations : _bThe United States and Multilateral Institutions / _cedited by Rosemary Foot, S. Neil MacFarlane, and Michael Mastanduno. |
| 260 |
_aOxford : _bOxford University Press, _c2003. |
||
| 300 |
_axiv, 296 p. ; _c25 cm. |
||
| 504 | _aIncludes bibliographical references (p. [273]-277) and index. | ||
| 541 | _aBacca ; | ||
| 650 | 0 |
_aInternational agencies. _915587 |
|
| 650 | 0 |
_aInternational organization. _915588 |
|
| 651 | 0 |
_aUnited States _xForeign relations _y1989- _915589 |
|
| 700 | 1 |
_aFoot, Rosemary, _d1948- _915590 |
|
| 700 | 1 |
_aMacFarlane, S. Neil. _915591 |
|
| 700 | 1 |
_aMastanduno, Michael. _915592 |
|
| 856 | 4 | 1 |
_3Table of contents only _uhttp://www.loc.gov/catdir/toc/fy037/2002035570.html |
| 856 | 4 | 2 |
_3Publisher description _uhttp://www.loc.gov/catdir/enhancements/fy0613/2002035570-d.html |
| 942 |
_2ddc _cBB |
||
| 999 |
_c14314 _d14314 |
||